| 000 | 00467nam a2200157 i 4500 | ||
|---|---|---|---|
| 001 | 72465 | ||
| 003 | ES-MaACL | ||
| 005 | 20230906171438.0 | ||
| 007 | t| | ||
| 008 | 040901s1923 fr ||||1| fre d | ||
| 100 | 1 |
_aGiroux, René. _957312 |
|
| 245 | 1 | 3 |
_aLe Bruit de Galop _b: valeur séméiologique diagnostic / _ctraitement par René Giroux. |
| 260 |
_aParís : _b[s.n., _c1923] ( _fA. Maloine et Fils) |
||
| 300 |
_a273 p. ; _c25 cm. |
||
| 852 |
_aES-MaACL _jB-11339 |
||
| 999 |
_c72465 _d72465 |
||